The Penguin dictionary of science /

Bibliographic Details
Other Authors: Clugston, M. J., Lord, N. J.
Format: Book
Language:English
Published: London ; New York : Penguin, 2009.
Edition:3rd ed.
Subjects:

MARC

Tag First Indicator Second Indicator Subfields
LEADER 00000cam a2200000 a 4500
001 in00002513821
005 20180312160156.0
008 081030s2009 enka d 000 0 eng
015 |a GBA8E0983  |2 bnb 
016 7 |a 014857422  |2 Uk 
020 |a 9780141037967 (pbk.) 
020 |a 0141037962 (pbk.) 
029 1 |a BWK  |b L6814479 
029 1 |a NZ1  |b 12878925 
029 1 |a AU@  |b 000044200035 
029 1 |a NLGGC  |b 318895528 
029 1 |a BWX  |b R3796110 
035 |a (OCoLC)ocn288985221 
035 |a (OCoLC)288985221 
040 |a UKM  |c UKM  |d BTCTA  |d BWKUK  |d BWK  |d OCLCQ  |d BWX  |d UtOrBLW 
049 |a TXAM 
050 4 |a Q123  |b .N46 2009 
082 0 4 |a 503  |2 22 
245 0 4 |a The Penguin dictionary of science /  |c editor, M.J. Clugston ; author team, N.J. Lord [and others]. 
246 3 0 |a Dictionary of science 
250 |a 3rd ed. 
264 1 |a London ;  |a New York :  |b Penguin,  |c 2009. 
300 |a xvi, 744 pages :  |b illustrations ;  |c 20 cm. 
336 |a text  |b txt  |2 rdacontent 
337 |a unmediated  |b n  |2 rdamedia 
338 |a volume  |b nc  |2 rdacarrier 
500 |a First published as the New Penguin dictionary of science in 1998. 
650 0 |a Science  |v Dictionaries. 
700 1 |a Clugston, M. J. 
700 1 |a Lord, N. J. 
730 0 |a New Penguin dictionary of science. 
945 |a PromptCat  |b 784074 
946 |a stk 
947 |a A14840149508 
994 |a 92  |b TXA 
948 |a cataloged  |b h  |d 2009/9/11  |h c  |e asalazar  |f 12:41:04 pm 
999 |a MARS 
999 f f |s e2a4c0ac-e901-3fad-ad7e-4bcf98f3b9ef  |i d4a389b9-e784-37ad-b66d-5cc104599adb  |t 0 
952 f f |p storage  |a Texas A&M University  |b J.J. Pickle Campus  |c High Density Repository  |d Remote Storage  |t 0  |e Q123 .N46 2009  |h Library of Congress classification  |i unmediated -- volume  |m A14840149508 
998 f f |a Q123 .N46 2009  |t 0  |l Remote Storage